01099nab a2200289 uc450000100070000000500170000700800410002403500110006503500210007604000130009704100080011010000430011824501460016165000290030765000300033665000340036665000470040065000320044765000410047965000190052065000250053970000410056470000520060577301230065794200100078099900190079085351720240201190606.0031112e20030705 eng  a853517 a(OCoLC)820084171 ccomduadb aeng10aRafael, Miriam Silva4auteaut952759510aLocation of ribosomal genes in the chromosomes of Anopheles darlingi and Anopheles nuneztovari (Diptera, Culicidae) from the Brazilian Amazon aAmazonas (Brasil)955947 aAnopheles darlingi993474 aAnopheles nuneztovari9127389 aHibridación fluorescente in situ 970330 aDiptera : Culicidae9102828 7aVectores de enfermedades2dcs938640 7aADN2dcs99267 7aMalaria2lemb92109410aTadei, Wanderli P.4auteaut950637610aPimentel, Shirlei Maria Recco4auteaut93830710 tMemorias do Instituto Oswaldo Cruz (Rio de Janeiro)gVol. 098, No. 05, Jul. 2003, p. 629-635w280998x0074-0276096126 cARIMP c296361d296361